[Event "BL 9394 Zähringen-München 36"]
[Site "?"]
[Date "1993.??.??"]
[Round "?.7"]
[White "Geisler, F."]
[Black "Siegel, G."]
[Result "1-0"]
[WhiteElo "2305"]
[BlackElo "2335"]
[PlyCount "121"]
[EventDate "1993.??.??"]

1. e4 c5 2. Nf3 d6 3. d4 cxd4 4. Nxd4 Nf6 5. Nc3 Nc6 6. Be2 e6 7. O-O Be7 8.
Be3 O-O 9. f4 Bd7 10. Nb3 a5 11. a4 Nb4 12. Bf3 Bc6 13. Nd4 d5 14. e5 Nd7 15.
Ncb5 g6 16. Qe2 Nb6 17. c3 Na6 18. g4 Nc4 19. Bc1 Bc5 20. b3 Nb6 21. Be3 Qe7
22. Bf2 Bd7 23. Kh1 f5 24. gxf5 exf5 25. Rad1 Bxb5 26. Qxb5 Kh8 27. b4 axb4 28.
cxb4 Nxa4 29. Qxa4 Nxb4 30. Qb5 Rfc8 31. Rc1 b6 32. e6 Qd6 33. Rfe1 Rc7 34. Ra1
Rxa1 35. Rxa1 Kg7 36. Qe2 Re7 37. Re1 Kh6 38. Bg2 Re8 39. Qf3 Kg7 40. Qg3 Kf8
41. Qc3 Kg8 42. Re5 Qd8 43. Bf3 Qf6 44. Qb3 Bd6 45. Be1 Na6 46. Rxd5 Bxf4 47.
Qxb6 Nc7 48. Rd7 Re7 49. Rxe7 Qxe7 50. Bb4 Qe8 51. Bc6 Qc8 52. Bb7 Qb8 53. e7
Kf7 54. Nc6 Qe8 55. Nd8+ Kg7 56. Bc6 Qg8 57. Bc3+ Kh6 58. Qf2 g5 59. Qd4 Qb3
60. Qg7+ Kh5 61. Qxh7+ 1-0

[Event "BL 9394 Zähringen-München 36"]
[Site "?"]
[Date "1993.??.??"]
[Round "?.8"]
[White "Weidemann, J."]
[Black "Sandor, C."]
[Result "0-1"]
[WhiteElo "2285"]
[BlackElo "2305"]
[PlyCount "84"]
[EventDate "1993.??.??"]

1. e4 c5 2. c3 Nf6 3. e5 Nd5 4. d4 cxd4 5. cxd4 d6 6. Nf3 Nc6 7. Bc4 dxe5 8.
Nxe5 e6 9. O-O Be7 10. Re1 O-O 11. Nc3 Nxe5 12. Bxd5 Nc6 13. Bxc6 bxc6 14. Be3
Qa5 15. Qa4 Qxa4 16. Nxa4 Ba6 17. Nc5 Bc4 18. Rec1 Bd5 19. Bf4 g5 20. Be5 f6
21. Bg3 Kf7 22. b3 h5 23. h3 Rg8 24. f3 g4 25. hxg4 hxg4 26. f4 Kg6 27. Rc3 Kf5
28. Re1 Bd6 29. Rce3 Rge8 30. Kf2 Rab8 31. Rh1 Rb4 32. Rh5+ Kg6 33. Rxd5 cxd5
34. f5+ Kxf5 35. Bxd6 Rxd4 36. a3 e5 37. Ke2 Rh8 38. b4 Rh2 39. Nb3 Rc4 40. Kf1
Rc2 41. Re2 Rh1+ 42. Kf2 g3+ 0-1

[Event "BL 9394 HSK-Empor Berlin"]
[Site "?"]
[Date "1993.??.??"]
[Round "?.4"]
[White "Michaelsen, N."]
[Black "Luther, T."]
[Result "1-0"]
[WhiteElo "2435"]
[BlackElo "2480"]
[PlyCount "73"]
[EventDate "1993.??.??"]

1. d4 e6 2. c4 Nf6 3. Nc3 Bb4 4. Qc2 O-O 5. Bg5 h6 6. Bh4 d6 7. e3 b6 8. Bd3
Bb7 9. Nge2 Nbd7 10. f3 c5 11. O-O cxd4 12. exd4 Rc8 13. a3 Bxc3 14. Nxc3 d5
15. cxd5 exd5 16. Rfe1 a6 17. Bh7+ Kh8 18. Bf5 Rc4 19. Rad1 Re8 20. Bxd7 Qxd7
21. Bxf6 gxf6 22. Qd2 Kg7 23. Rxe8 Qxe8 24. Qf4 b5 25. Qg3+ Kh7 26. Re1 Qg8 27.
Re7 Qxg3 28. hxg3 Bc8 29. Nxd5 Kg7 30. Nb6 Rc1+ 31. Kf2 Bf5 32. d5 Rd1 33. g4
Bc2 34. Re1 Rd4 35. Rc1 Bg6 36. Ke2 f5 37. Ke3 1-0

[Event "BL 9394 HSK-Empor Berlin"]
[Site "?"]
[Date "1993.??.??"]
[Round "?.5"]
[White "Volke, K."]
[Black "Wegner, H."]
[Result "1-0"]
[WhiteElo "2470"]
[BlackElo "2390"]
[PlyCount "63"]
[EventDate "1993.??.??"]

1. b4 c6 2. Bb2 a5 3. b5 cxb5 4. e4 b4 5. a3 Na6 6. Nf3 e6 7. axb4 axb4 8. Bc4
d6 9. O-O Nf6 10. Bxf6 gxf6 11. c3 Bd7 12. cxb4 Nxb4 13. Nc3 Be7 14. Rb1 Nc6
15. d4 O-O 16. d5 Na5 17. dxe6 fxe6 18. Ba2 Kh8 19. Nd4 d5 20. exd5 exd5 21.
Bxd5 Bc5 22. Nf3 Ra6 23. Qc2 Bc8 24. Rfd1 Rd6 25. Qa2 Bf5 26. Rbc1 b6 27. h3
Re8 28. Nh4 Bc8 29. Qb1 Ba3 30. Rc2 Bc5 31. Qc1 Re5 32. Ng6+ 1-0

[Event "BL 9394 HSK-Empor Berlin"]
[Site "?"]
[Date "1993.??.??"]
[Round "?.6"]
[White "Reefschlaeger, H."]
[Black "Rabiega, R."]
[Result "0-1"]
[WhiteElo "2390"]
[BlackElo "2455"]
[PlyCount "92"]
[EventDate "1993.??.??"]

1. e4 c5 2. f4 Nc6 3. Nf3 g6 4. g3 Bg7 5. Bg2 d6 6. O-O e6 7. a4 Nge7 8. c3 O-O
9. Na3 a6 10. Nc2 Na5 11. Ne3 c4 12. b4 cxb3 13. d4 Qc7 14. Bb2 Bd7 15. Nd2
Rac8 16. Nxb3 Qb6 17. Ra3 d5 18. Nxa5 Qxa5 19. Qb3 dxe4 20. Bxe4 Bc6 21. Bxc6
bxc6 22. Nc4 Qc7 23. Qb6 c5 24. dxc5 Qxc5+ 25. Qxc5 Rxc5 26. Nb6 Rd8 27. Rb3
Rb8 28. Rd1 Nd5 29. Ba3 Rxc3 30. Rxc3 Nxc3 31. Rd3 h5 32. a5 Nb5 33. Bc5 Bc3
34. Nd7 Rc8 35. Bb6 Rc4 36. Nc5 Bd4+ 37. Rxd4 Rxd4 38. Nxa6 Rd1+ 39. Kg2 Rd2+
40. Kf3 Kf8 41. Nb4 Rxh2 42. a6 Rb2 43. a7 Rb3+ 44. Kg2 Ra3 45. Nc6 Ke8 46. Kh3
f6 0-1

[Event "BL 9394 HSK-Empor Berlin"]
[Site "?"]
[Date "1993.??.??"]
[Round "?.7"]
[White "Poldauf, D."]
[Black "Sievers, S."]
[Result "1-0"]
[WhiteElo "2425"]
[BlackElo "2320"]
[PlyCount "53"]
[EventDate "1993.??.??"]

1. c4 c5 2. g3 g6 3. Bg2 Bg7 4. Nc3 Nc6 5. e3 e6 6. Nge2 Nge7 7. Nf4 b6 8. b3
Bxc3 9. dxc3 Bb7 10. e4 Qc7 11. O-O O-O-O 12. Nd5 Qb8 13. Bg5 Rhe8 14. Nf6 Rh8
15. Bh6 d6 16. Bg7 Rhg8 17. Nxg8 Nxg8 18. Qd2 f6 19. h4 Ne5 20. Bh6 Qa8 21. f3
d5 22. cxd5 exd5 23. Rad1 Ba6 24. c4 Nf7 25. Bh3+ f5 26. Bg5 Nxg5 27. Qxg5 1-0

[Event "BL 9394 HSK-Empor Berlin"]
[Site "?"]
[Date "1993.??.??"]
[Round "?.8"]
[White "Heinemann, T."]
[Black "Stern, R."]
[Result "1/2-1/2"]
[WhiteElo "2380"]
[BlackElo "2385"]
[PlyCount "109"]
[EventDate "1993.??.??"]

1. e4 e5 2. f4 exf4 3. Bc4 Qh4+ 4. Kf1 Nf6 5. Nf3 Qh5 6. Nc3 d5 7. exd5 Bd6 8.
Qe2+ Kd8 9. d3 Re8 10. Qf2 g5 11. Bd2 Nbd7 12. Re1 Rxe1+ 13. Kxe1 Ne5 14. Nxe5
Bxe5 15. d4 Ng4 16. Qg1 Qh4+ 17. Kf1 Ne3+ 18. Bxe3 fxe3 19. Qxe3 Bxd4 20. Qg3
Bf5 21. Bd3 Bxd3+ 22. cxd3 Kd7 23. Qxh4 gxh4 24. Ke2 Re8+ 25. Kd2 Rg8 26. g3
hxg3 27. hxg3 Rxg3 28. Rxh7 Rg2+ 29. Ne2 Bxb2 30. Rxf7+ Kd6 31. Rf4 Bc1+ 32.
Kxc1 Rxe2 33. Ra4 a6 34. Kd1 Rh2 35. Ra5 Rh5 36. Kc2 Rxd5 37. Ra4 c5 38. Kc3
Kc6 39. Rh4 b5 40. Rg4 Rd6 41. d4 Rxd4 42. Rxd4 cxd4+ 43. Kxd4 a5 44. Kd3 Kd5
45. Kc3 Kc5 46. Kb3 Kd4 47. Kb2 Kd3 48. Kb3 Kd2 49. Kb2 a4 50. Kb1 Kc3 51. Kc1
Kd3 52. Kb2 b4 53. a3 b3 54. Kb1 Kc3 55. Kc1 1/2-1/2

[Event "BL 9394 Stadthagen-Zehlendorf"]
[Site "?"]
[Date "1993.??.??"]
[Round "?.1"]
[White "Loeffler, S."]
[Black "Lobron, E."]
[Result "0-1"]
[WhiteElo "2460"]
[BlackElo "2575"]
[PlyCount "75"]
[EventDate "1993.??.??"]

1. Nf3 d6 2. g3 e5 3. Bg2 f5 4. c4 Nf6 5. Nc3 g6 6. d3 Bg7 7. c5 Nc6 8. cxd6
cxd6 9. Qb3 Qe7 10. Bg5 Be6 11. Bxf6 Bxf6 12. Nd5 Bxd5 13. Qxd5 Qf7 14. Nd2
Qxd5 15. Bxd5 Kd7 16. Rb1 Rac8 17. a3 Rc7 18. e3 Ne7 19. Bb3 Rhc8 20. Ke2 d5
21. f3 Kd6 22. h4 f4 23. e4 Nc6 24. Bxd5 Nd4+ 25. Kf2 Rc2 26. Rhd1 b5 27. Kg2
fxg3 28. Kxg3 Ne2+ 29. Kf2 Nf4 30. Bb3 Bxh4+ 31. Ke3 R2c6 32. a4 Bd8 33. Nf1
Bb6+ 34. Kd2 Ba5+ 35. Ke3 Bb6+ 36. Kd2 bxa4 37. Bxa4 R6c7 38. Bb5 0-1

[Event "BL 9394 Stadthagen-Zehlendorf"]
[Site "?"]
[Date "1993.??.??"]
[Round "?.2"]
[White "Sax, G."]
[Black "Vogel, R."]
[Result "1-0"]
[WhiteElo "2515"]
[BlackElo "2335"]
[PlyCount "71"]
[EventDate "1993.??.??"]

1. e4 c5 2. Nf3 Nc6 3. d4 cxd4 4. Nxd4 Nf6 5. Nc3 d6 6. Bg5 e6 7. Qd2 Be7 8.
O-O-O O-O 9. Nb3 a6 10. Bxf6 Bxf6 11. Qxd6 Bxc3 12. bxc3 Qf6 13. Qc5 e5 14. Kb2
Be6 15. f3 Rfc8 16. Qb6 Qe7 17. Be2 Nb8 18. Qd6 Qxd6 19. Rxd6 Nd7 20. Rhd1 Rc7
21. Na5 Rac8 22. Bc4 Nf8 23. Bb3 g6 24. Rd8 Rxd8 25. Rxd8 Kg7 26. Bd5 Rc5 27.
Nb3 Rc7 28. c4 Nd7 29. Bxe6 fxe6 30. c5 h5 31. c6 bxc6 32. Ra8 c5 33. Rxa6 c4
34. Na5 c3+ 35. Ka3 Nb8 36. Rb6 1-0

[Event "BL 9394 Stadthagen-Zehlendorf"]
[Site "?"]
[Date "1993.??.??"]
[Round "?.3"]
[White "Rahls, P."]
[Black "Knaak, R."]
[Result "0-1"]
[WhiteElo "2315"]
[BlackElo "2525"]
[PlyCount "60"]
[EventDate "1993.??.??"]

1. e4 e6 2. d4 d5 3. e5 c5 4. c3 Nc6 5. Nf3 Bd7 6. Be2 Nge7 7. O-O cxd4 8. cxd4
Nf5 9. Nc3 a6 10. Be3 Be7 11. Bd3 Nxe3 12. fxe3 O-O 13. h4 f5 14. exf6 Rxf6 15.
e4 Qb6 16. e5 Nxe5 17. Bxh7+ Kxh7 18. Nxe5 Rxf1+ 19. Kxf1 Rf8+ 20. Kg1 Be8 21.
Qd3+ Kg8 22. Nf3 Bh5 23. Qe3 Bxf3 24. gxf3 Bxh4 25. Ne2 Rf6 26. b3 Qc7 27. Rc1
Rg6+ 28. Kh1 Qd8 29. f4 Be1 30. Ng1 Qh4+ 0-1

[Event "BL 9394 Stadthagen-Zehlendorf"]
[Site "?"]
[Date "1993.??.??"]
[Round "?.4"]
[White "Lau, R."]
[Black "Pritchett, C."]
[Result "1/2-1/2"]
[WhiteElo "2510"]
[BlackElo "2350"]
[PlyCount "34"]
[EventDate "1993.??.??"]

1. e4 c5 2. Nf3 e6 3. d4 cxd4 4. Nxd4 a6 5. Bd3 Nf6 6. O-O d6 7. f4 Nbd7 8. Kh1
Be7 9. Nc3 O-O 10. Qf3 Nc5 11. Be3 Qc7 12. Rae1 b5 13. a3 Bb7 14. Qh3 Nxd3 15.
cxd3 Rfe8 16. Nf3 Bf8 17. f5 e5 1/2-1/2

[Event "BL 9394 Stadthagen-Zehlendorf"]
[Site "?"]
[Date "1993.??.??"]
[Round "?.5"]
[White "Heinig, W."]
[Black "Tischbierek, R."]
[Result "0-1"]
[WhiteElo "2315"]
[BlackElo "2480"]
[PlyCount "68"]
[EventDate "1993.??.??"]

1. d4 d5 2. c4 e6 3. Nf3 Nf6 4. g3 c6 5. Qc2 dxc4 6. Qxc4 b5 7. Qc2 Bb7 8. Bg2
Nbd7 9. O-O c5 10. a4 b4 11. Bg5 Rc8 12. dxc5 Bxc5 13. Qd1 O-O 14. Nbd2 h6 15.
Bf4 Nd5 16. Nb3 Nxf4 17. gxf4 Qe7 18. Ne1 Bxg2 19. Kxg2 e5 20. Qd5 exf4 21. Nd3
Nf6 22. Qf3 Bd6 23. Nd4 Ne4 24. Rad1 Rfe8 25. Kh1 Qf6 26. Nb5 Bb8 27. e3 fxe3
28. fxe3 Qxf3+ 29. Rxf3 Rc2 30. Nxb4 Rxh2+ 31. Kg1 Rxb2 32. Nc6 Bh2+ 33. Kh1 a6
34. Nc7 Bxc7 0-1

[Event "BL 9394 Stadthagen-Zehlendorf"]
[Site "?"]
[Date "1993.??.??"]
[Round "?.6"]
[White "Keitlinghaus, L."]
[Black "Lieb, H."]
[Result "1-0"]
[WhiteElo "2485"]
[BlackElo "2295"]
[PlyCount "79"]
[EventDate "1993.??.??"]

1. e4 e6 2. d4 d5 3. e5 c5 4. c3 Nc6 5. Nf3 Bd7 6. Be2 f6 7. O-O fxe5 8. Nxe5
Nxe5 9. dxe5 Ne7 10. c4 Qc7 11. Nc3 Qxe5 12. Bf3 O-O-O 13. cxd5 exd5 14. Re1
Qc7 15. Bg5 Re8 16. Qe2 Qc6 17. Qd2 Be6 18. Re2 Nf5 19. Nxd5 Qd7 20. Qa5 Bd6
21. Nb6+ axb6 22. Qa8+ Bb8 23. Rd2 Qc7 24. Bf4 Re7 25. Bxc7 Rxc7 26. Re1 Bd7
27. Bg4 Nd4 28. Rxd4 cxd4 29. Bxd7+ Rxd7 30. Rc1+ Rc7 31. Rxc7+ Kxc7 32. Qa4
Rd8 33. Qc4+ Kd7 34. Qxd4+ Kc8 35. Qg4+ Rd7 36. g3 h6 37. Qe6 Bd6 38. Qc4+ Kb8
39. b4 Rc7 40. Qd4 1-0

[Event "BL 9394 Stadthagen-Zehlendorf"]
[Site "?"]
[Date "1993.??.??"]
[Round "?.8"]
[White "Gauglitz, G."]
[Black "Klimm, W."]
[Result "0-1"]
[WhiteElo "2415"]
[BlackElo "2275"]
[PlyCount "140"]
[EventDate "1993.??.??"]

1. d4 Nf6 2. Nf3 e6 3. c4 b6 4. g3 Bb4+ 5. Bd2 Bxd2+ 6. Qxd2 Ba6 7. Na3 O-O 8.
Bg2 c6 9. O-O d5 10. Rac1 Nbd7 11. b4 Qe7 12. Qb2 b5 13. cxb5 cxb5 14. Ne5 Nb6
15. Rc6 Bb7 16. Rc2 Nc4 17. Qb3 a6 18. Nd3 Ra7 19. Nc5 Ba8 20. Nb1 Bc6 21. Nc3
Rb8 22. e3 h6 23. Ne2 Qd8 24. Nf4 a5 25. Nfd3 Be8 26. Ne5 axb4 27. Qxb4 Qa5 28.
Ned3 Qxb4 29. Nxb4 Rd8 30. Rd1 Na3 31. Rc3 Nc4 32. Rb3 Na5 33. Rbb1 Nc4 34. e4
dxe4 35. Nxe4 Nxe4 36. Bxe4 Rc8 37. d5 exd5 38. Rxd5 Nb6 39. Rd6 Nc4 40. Rd4
Nb6 41. Rbd1 Re7 42. Bd3 Rd7 43. Rxd7 Bxd7 44. Bf1 Bg4 45. Rd4 Bf3 46. Rd3 Bg4
47. f3 Be6 48. Rd6 Nc4 49. Rd4 Ra8 50. Bd3 g6 51. Bc2 Ne5 52. Bd1 Bxa2 53. f4
Nc4 54. Rd7 Bb1 55. Bf3 Ra4 56. Nc6 Ra1 57. Rd1 Ra3 58. Bd5 Bc2 59. Re1 Ne3 60.
Bf3 Nf5 61. Ne5 b4 62. Bd5 Bb3 63. Nc4 Bxc4 64. Bxc4 Ne3 65. Be2 Kg7 66. Rb1
Ra2 67. Bf3 Ra4 68. Bc6 Ra6 69. Bb5 Rb6 70. Rxb4 Nc2 0-1

[Event "BL 9394 Empor Berlin-Stadthagen"]
[Site "?"]
[Date "1993.??.??"]
[Round "?.2"]
[White "Kovalev, A."]
[Black "Sax, G."]
[Result "1/2-1/2"]
[WhiteElo "2545"]
[BlackElo "2515"]
[PlyCount "31"]
[EventDate "1993.??.??"]

1. e4 c5 2. Nf3 d6 3. d4 cxd4 4. Nxd4 Nf6 5. Nc3 e6 6. Be2 Nc6 7. O-O Bd7 8.
Ndb5 Qb8 9. Bf4 Ne5 10. Bg3 a6 11. Nd4 Be7 12. Kh1 Qc7 13. f4 Nc4 14. Bxc4 Qxc4
15. Bh4 Rd8 16. Qd2 1/2-1/2

[Event "BL 9394 Empor Berlin-Stadthagen"]
[Site "?"]
[Date "1993.??.??"]
[Round "?.3"]
[White "Knaak, R."]
[Black "Muse, M."]
[Result "0-1"]
[WhiteElo "2525"]
[BlackElo "2485"]
[PlyCount "104"]
[EventDate "1993.??.??"]

1. d4 d5 2. c4 Nc6 3. Nc3 e5 4. cxd5 Nxd4 5. e3 Nf5 6. Nf3 Bd6 7. Qc2 Nf6 8.
Bb5+ Kf8 9. O-O a6 10. Bd3 g6 11. e4 Ng7 12. h3 h6 13. Ne2 g5 14. g4 h5 15.
Nxg5 hxg4 16. f4 Nd7 17. Be3 exf4 18. Nxf4 Qxg5 19. e5 Kg8 20. exd6 Ne5 21. Be4
Nf5 22. Bxf5 Bxf5 23. Ng2 Bxc2 24. Bxg5 cxd6 25. hxg4 Be4 26. Bf6 Rh6 27. Bxe5
dxe5 28. Rae1 Bxd5 29. Rxe5 Rd8 30. g5 Re6 31. Rxe6 Bxe6 32. Nf4 Rd2 33. b3 Bf5
34. a4 Rb2 35. Nd5 Be6 36. Rd1 Bxd5 37. Rxd5 Rxb3 38. Kf2 Rb4 39. Rd7 Kg7 40.
Kf3 a5 41. Kg3 Kg6 42. Rd6+ Kg7 43. Rd7 Kg6 44. Rd6+ Kh5 45. g6 fxg6 46. Rd5+
g5 47. Rxa5 Rb3+ 48. Kf2 Kh4 49. Ra8 Rb2+ 50. Kf3 g4+ 51. Kf4 Rb4+ 52. Kf5 Kh3
0-1

[Event "BL 9394 Empor Berlin-Stadthagen"]
[Site "?"]
[Date "1993.??.??"]
[Round "?.4"]
[White "Luther, T."]
[Black "Lau, R."]
[Result "1/2-1/2"]
[WhiteElo "2480"]
[BlackElo "2510"]
[PlyCount "59"]
[EventDate "1993.??.??"]

1. e4 c5 2. Nf3 e6 3. d4 cxd4 4. Nxd4 a6 5. Bd3 g6 6. O-O Bg7 7. Nf3 Nc6 8. c4
Qc7 9. Nc3 Nf6 10. h3 d6 11. Be3 Nd7 12. Rc1 O-O 13. Qd2 Nde5 14. Be2 Nxf3+ 15.
Bxf3 Ne5 16. Be2 Bd7 17. b3 Bc6 18. Rfd1 Qa5 19. Bd4 f5 20. exf5 gxf5 21. b4
Qd8 22. f4 Nf7 23. b5 axb5 24. cxb5 Bd7 25. a4 Rc8 26. Bf3 Rc4 27. Bxg7 Kxg7
28. Kh2 b6 29. Qe3 Qf6 30. Be2 1/2-1/2

[Event "BL 9394 Empor Berlin-Stadthagen"]
[Site "?"]
[Date "1993.??.??"]
[Round "?.5"]
[White "Tischbierek, R."]
[Black "Volke, K."]
[Result "1-0"]
[WhiteElo "2480"]
[BlackElo "2470"]
[PlyCount "79"]
[EventDate "1993.??.??"]

1. e4 c5 2. Nf3 e6 3. c3 d5 4. exd5 exd5 5. d4 Nc6 6. Bb5 Bd6 7. dxc5 Bxc5 8.
O-O Nge7 9. Nbd2 O-O 10. Nb3 Bb6 11. Re1 Bg4 12. Be3 Bc7 13. Bc5 Bd6 14. Bxd6
Qxd6 15. Be2 Bxf3 16. Bxf3 Rad8 17. Qe2 Qf6 18. Rad1 Rd6 19. Qb5 Ne5 20. Bxd5
Rfd8 21. c4 N7g6 22. Re3 h5 23. Rde1 b6 24. Nd2 Qf4 25. Nf3 Ng4 26. Re8+ Nf8
27. R8e4 Qf6 28. Re7 Nh6 29. Rxa7 g5 30. Ne5 Ne6 31. Qb3 Re8 32. Qa3 Nf4 33.
Ra8 Rxa8 34. Qxa8+ Kg7 35. Qb7 b5 36. Qxb5 Rb6 37. Qc5 Rxb2 38. Nd7 Ne2+ 39.
Kf1 Ng4 40. Qf8+ 1-0

[Event "BL 9394 Empor Berlin-Stadthagen"]
[Site "?"]
[Date "1993.??.??"]
[Round "?.7"]
[White "Heissler, J."]
[Black "Poldauf, D."]
[Result "1/2-1/2"]
[WhiteElo "2425"]
[BlackElo "2425"]
[PlyCount "87"]
[EventDate "1993.??.??"]

1. e4 e6 2. d3 b5 3. g3 Bb7 4. Bg2 c5 5. Nf3 Nf6 6. O-O Be7 7. Re1 O-O 8. Nbd2
d6 9. c3 Nc6 10. a3 a5 11. d4 cxd4 12. cxd4 a4 13. Nb1 Na5 14. Nc3 Qb6 15. d5
Ng4 16. Qc2 exd5 17. exd5 Bf6 18. h3 Bxc3 19. bxc3 Nf6 20. Be3 Qc7 21. Rad1
Bxd5 22. Rxd5 Nxd5 23. Ng5 Nf6 24. Bxa8 Rxa8 25. Bd4 h6 26. Bxf6 hxg5 27. Bxg5
Nc4 28. Re7 Qc5 29. Qe4 Rf8 30. h4 Qxa3 31. Re8 d5 32. Qe2 Qxc3 33. Rxf8+ Kxf8
34. Qe7+ Kg8 35. Qe8+ Kh7 36. Qxf7 Qe5 37. Bf4 Qe4 38. f3 Qe1+ 39. Kg2 Qe2+ 40.
Kh3 d4 41. Qf5+ Kg8 42. Qc8+ Kf7 43. Qf5+ Kg8 44. Qc8+ 1/2-1/2

[Event "BL 9394 Zehlendorf-HSK"]
[Site "?"]
[Date "1993.??.??"]
[Round "?.2"]
[White "Vogel, R."]
[Black "Wahls, M."]
[Result "0-1"]
[WhiteElo "2335"]
[BlackElo "2480"]
[PlyCount "116"]
[EventDate "1993.??.??"]

1. d4 Nf6 2. c4 e6 3. Nc3 Bb4 4. e3 b6 5. Nge2 Ba6 6. Ng3 Bxc3+ 7. bxc3 d5 8.
Qf3 O-O 9. cxd5 Qxd5 10. e4 Qa5 11. Bxa6 Qxa6 12. Ne2 Qb7 13. Ng3 Qa6 14. Ne2
Nbd7 15. O-O c5 16. Bf4 cxd4 17. cxd4 Rfc8 18. Rfc1 Rxc1+ 19. Rxc1 Qxa2 20. Rc7
Rd8 21. Nc1 Qa1 22. Be3 a5 23. h3 h6 24. Kh2 Qb1 25. e5 Nd5 26. Ra7 Qg6 27. Ne2
b5 28. Rxa5 b4 29. Nf4 Nxf4 30. Bxf4 Nb6 31. Rb5 Nd5 32. Bd2 Qb1 33. Rb7 Rf8
34. Qg4 Kh8 35. Qh5 b3 36. Bxh6 Qh7 37. Bxg7+ Kxg7 38. Qxh7+ Kxh7 39. Rxb3 Ra8
40. Kg3 Ra4 41. Rd3 Nb4 42. Rd2 Kg6 43. Kf4 Nd5+ 44. Ke4 Ra1 45. Kf3 Kg5 46.
Rd3 Nb4 47. Rd2 Ra3+ 48. Ke4 Nd5 49. g3 Nc3+ 50. Ke3 Kf5 51. Rc2 Nb5+ 52. Kd2
Ke4 53. Rb2 Nxd4 54. Rb7 Ra2+ 55. Ke1 Nf3+ 56. Kd1 Nxe5 57. f4 Nd3 58. Rxf7 Ke3
0-1

[Event "BL 9394 Zehlendorf-HSK"]
[Site "?"]
[Date "1993.??.??"]
[Round "?.3"]
[White "Ftacnik, L."]
[Black "Rahls, P."]
[Result "1-0"]
[WhiteElo "2535"]
[BlackElo "2315"]
[PlyCount "65"]
[EventDate "1993.??.??"]

1. d4 c5 2. d5 e5 3. e4 d6 4. Bb5+ Nd7 5. a4 a6 6. Bd3 Ne7 7. Nf3 Ng6 8. g3 Be7
9. a5 O-O 10. h4 b5 11. axb6 Nxb6 12. Nfd2 Bd7 13. Nc3 Qc8 14. Qe2 a5 15. Bb5
Rd8 16. b3 Bf8 17. Na4 Nxa4 18. Rxa4 f5 19. Bxd7 Qxd7 20. Nc4 Qf7 21. O-O f4
22. Qg4 Be7 23. h5 Nf8 24. gxf4 exf4 25. Nxa5 Rxa5 26. Rxa5 g5 27. Ra7 Qf6 28.
Bxf4 Ng6 29. hxg6 gxf4 30. gxh7+ Kh8 31. f3 Qd4+ 32. Kh1 Qf6 33. Rg1 1-0

[Event "BL 9394 Zehlendorf-HSK"]
[Site "?"]
[Date "1993.??.??"]
[Round "?.4"]
[White "Pritchett, C."]
[Black "Michaelsen, N."]
[Result "1-0"]
[WhiteElo "2350"]
[BlackElo "2435"]
[PlyCount "85"]
[EventDate "1993.??.??"]

1. Nf3 Nf6 2. c4 c5 3. Nc3 e6 4. g3 b6 5. Bg2 Bb7 6. O-O a6 7. Re1 d6 8. e4 Be7
9. d4 cxd4 10. Nxd4 Qc7 11. Be3 Nbd7 12. Rc1 Rc8 13. b3 O-O 14. f4 Rfe8 15. f5
Bd8 16. fxe6 fxe6 17. Bh3 Nf8 18. Bf2 Qb8 19. e5 dxe5 20. Nf3 Ba8 21. Ng5 b5
22. Nce4 Nxe4 23. Nxe4 Ba5 24. Re2 Red8 25. Qc2 bxc4 26. bxc4 Qc7 27. Ng5 Re8
28. Bg2 Bxg2 29. Kxg2 Red8 30. Nf3 Nd7 31. Qe4 Bb4 32. c5 Ba3 33. Rc3 Qa5 34.
Rec2 Bb2 35. Ng5 Nf6 36. Qxe5 Qxa2 37. Rxb2 Qd5+ 38. Qxd5 Nxd5 39. Rcc2 Rc6 40.
Ne4 a5 41. Rb5 Ra8 42. Nc3 Nb4 43. Rd2 1-0

[Event "BL 9394 Zehlendorf-HSK"]
[Site "?"]
[Date "1993.??.??"]
[Round "?.6"]
[White "Lieb, H."]
[Black "Reefschlaeger, H."]
[Result "1/2-1/2"]
[WhiteElo "2295"]
[BlackElo "2390"]
[PlyCount "162"]
[EventDate "1993.??.??"]

1. d4 Nf6 2. c4 c5 3. d5 e5 4. Nc3 d6 5. e4 Be7 6. Be2 O-O 7. h3 Nbd7 8. Be3
Ne8 9. Nf3 g6 10. g4 Ng7 11. Rg1 Nf6 12. Qd2 a6 13. a4 b6 14. Rb1 Nfe8 15. Bd3
Kh8 16. Bh6 Ra7 17. h4 Nf6 18. Nh2 Ng8 19. Bg5 Bxg5 20. hxg5 f6 21. gxf6 Nxf6
22. f3 Raf7 23. Kd1 Bd7 24. Be2 Ng8 25. Kc2 Rf4 26. Nf1 Nh6 27. Ne3 Nf7 28. Ng2
Ng5 29. Nxf4 Rxf4 30. Qe3 a5 31. Rg3 Qf8 32. Rh1 Ne8 33. b3 h6 34. Nd1 Nf6 35.
Qg1 Ng8 36. Qg2 Kg7 37. Nf2 Qe7 38. Nd3 Rf7 39. Kb2 Qf8 40. Rf1 Rf6 41. Qg1 Rf4
42. Qh1 Qf6 43. Rgg1 Bc8 44. Qg2 Bd7 45. Kc2 Bc8 46. Qg3 Bd7 47. Qg2 Bc8 48.
Bd1 Ne7 49. Qe2 Bd7 50. Rh1 Nf7 51. Rf2 Ng5 52. Qe3 Ng8 53. Re1 Nf7 54. Nxf4
Qxf4 55. Qxf4 exf4 56. e5 dxe5 57. Kd2 Ne7 58. Bc2 Nc8 59. Ke2 Ncd6 60. Kf1 Kf6
61. Kg2 Ng5 62. Bxg6 Kxg6 63. Rxe5 Kf6 64. Re1 h5 65. Rh1 hxg4 66. Rh6+ Ke5 67.
fxg4 Nde4 68. Rf1 Bxg4 69. Rh8 f3+ 70. Kh2 f2 71. Rf8 Nf3+ 72. Kg2 Nh4+ 73. Kh2
Nf5 74. Re8+ Kf4 75. Rxe4+ Kxe4 76. Rxf2 Bd1 77. d6 Nxd6 78. Rd2 Bxb3 79. Rxd6
Bxc4 80. Rxb6 Kd4 81. Kg3 Kc3 1/2-1/2

[Event "BL 9394 Zehlendorf-HSK"]
[Site "?"]
[Date "1993.??.??"]
[Round "?.8"]
[White "Klimm, W."]
[Black "Heinemann, T."]
[Result "0-1"]
[WhiteElo "2275"]
[BlackElo "2380"]
[PlyCount "76"]
[EventDate "1993.??.??"]

1. Nf3 c5 2. b3 b6 3. Bb2 Bb7 4. e3 e6 5. c4 Nf6 6. Be2 Be7 7. O-O O-O 8. d4
cxd4 9. Nxd4 a6 10. Nc3 d6 11. Bf3 Ra7 12. Qe2 Qd7 13. Bxb7 Qxb7 14. Rfd1 Nbd7
15. Rac1 Rd8 16. e4 Qa8 17. f4 Nc5 18. Re1 Rc7 19. f5 Ne8 20. Rcd1 Bh4 21. g3
Bf6 22. fxe6 fxe6 23. Qg4 Re7 24. Bc1 Nd7 25. Qh3 Ne5 26. Rf1 Nc7 27. Nde2 b5
28. Ba3 Qa7+ 29. Kh1 Nf7 30. cxb5 Nxb5 31. Bb2 Nxc3 32. Bxc3 Bxc3 33. Nxc3 Qe3
34. Rc1 Ng5 35. Qg2 Rc7 36. h4 Rxc3 37. Rxc3 Qxc3 38. hxg5 Qe3 {Zeit} 0-1

[Event "BL 9394 HSK-Stadthagen"]
[Site "?"]
[Date "1994.??.??"]
[Round "?.1"]
[White "Khalifman, A."]
[Black "Ftacnik, L."]
[Result "1-0"]
[WhiteElo "2660"]
[BlackElo "2565"]
[PlyCount "61"]
[EventDate "1994.??.??"]

1. d4 Nf6 2. c4 g6 3. Nc3 d5 4. Nf3 Bg7 5. cxd5 Nxd5 6. e4 Nxc3 7. bxc3 c5 8.
Rb1 O-O 9. Be2 Nc6 10. d5 Ne5 11. Nxe5 Bxe5 12. Qd2 b6 13. O-O Bg7 14. f4 e6
15. dxe6 fxe6 16. Bc4 Qf6 17. Qe2 Bb7 18. f5 Qe5 19. fxe6 Rxf1+ 20. Qxf1 Bxe4
21. Qf7+ Kh8 22. Bf4 Qxc3 23. e7 Bc6 24. Rd1 Re8 25. Rd8 Qe1+ 26. Bf1 Bd4+ 27.
Rxd4 Qxe7 28. Qxe7 Rxe7 29. Rd6 Be8 30. Bh6 Bf7 31. Bb5 1-0

[Event "BL 9394 HSK-Stadthagen"]
[Site "?"]
[Date "1994.??.??"]
[Round "?.2"]
[White "Mueller, Ka"]
[Black "Lobron, E."]
[Result "0-1"]
[WhiteElo "2480"]
[BlackElo "2570"]
[PlyCount "116"]
[EventDate "1994.??.??"]

1. e4 c6 2. d4 d5 3. exd5 cxd5 4. c4 Nf6 5. Nc3 e6 6. Nf3 Bb4 7. cxd5 Nxd5 8.
Bd2 Nc6 9. Bd3 Be7 10. O-O O-O 11. Be4 Nf6 12. Bxc6 bxc6 13. Bg5 Bb7 14. Na4 c5
15. Nxc5 Bxf3 16. Qxf3 Qxd4 17. Ne4 Qxb2 18. Rab1 Qe5 19. Rfe1 Rab8 20. Rbd1
Qb2 21. Rd2 Qb4 22. Bxf6 gxf6 23. g4 Rfd8 24. Red1 Rxd2 25. Rxd2 Rd8 26. Rxd8+
Bxd8 27. Qd3 Be7 28. h3 a5 29. Ng3 Qb7 30. Nh5 a4 31. Qc3 a3 32. Nxf6+ Bxf6 33.
Qxf6 Qd5 34. Kh2 Kf8 35. Kg3 Ke8 36. Qf3 Qxa2 37. Qc6+ Ke7 38. Qc7+ Kf6 39.
Qf4+ Kg6 40. h4 Qb3+ 41. f3 Qd5 42. g5 Kg7 43. Qf6+ Kf8 44. h5 Ke8 45. g6 fxg6
46. hxg6 hxg6 47. Qxg6+ Kd7 48. Qg7+ Kc6 49. Qc3+ Qc5 50. Qb3 e5 51. Kg4 Kd6
52. Kf5 Qc8+ 53. Ke4 Qa8+ 54. Kf5 Qa5 55. Qa2 Qc3 56. Qe2 Kc5 57. Qa6 Qxf3+ 58.
Kxe5 Qd5+ 0-1

[Event "BL 9394 HSK-Stadthagen"]
[Site "?"]
[Date "1994.??.??"]
[Round "?.3"]
[White "Sax, G."]
[Black "Maus, So"]
[Result "1-0"]
[WhiteElo "2520"]
[BlackElo "2420"]
[PlyCount "73"]
[EventDate "1994.??.??"]

1. e4 Nf6 2. e5 Nd5 3. d4 d6 4. Nf3 dxe5 5. Nxe5 g6 6. c4 Nb6 7. c5 N6d7 8. Nf3
Bg7 9. Bc4 O-O 10. O-O b6 11. Ng5 Bb7 12. Qb3 Qe8 13. Qh3 h6 14. Nf3 h5 15. Qg3
Ba6 16. Bxa6 Nxa6 17. cxb6 cxb6 18. a3 Nf6 19. Nc3 Rc8 20. Bf4 Qd7 21. Rfe1
Rfe8 22. Rad1 Qg4 23. Qxg4 hxg4 24. Ne5 Nc7 25. Bd2 Ncd5 26. Nxg4 Nxg4 27. Nxd5
Bxd4 28. Nxe7+ Rxe7 29. Rxe7 Bxf2+ 30. Kf1 Bc5 31. Rd7 Re8 32. g3 Nxh2+ 33. Kg2
Re2+ 34. Kh3 Nf3 35. Bc3 Kh7 36. Rxf7+ Kh6 37. Rxf3 1-0